| 000 | 00641nam a22002177i 4500 | ||
|---|---|---|---|
| 001 | 3546 | ||
| 003 | OSt | ||
| 005 | 20170126082320.0 | ||
| 007 | tu | ||
| 008 | 161220s1997 xxu||||| |||| 00| 0 d | ||
| 024 | 7 |
_a3545 _2RID |
|
| 040 | _cOSt | ||
| 084 |
_a11.431 _a22.22 _2z |
||
| 100 | 1 | _aHavlik, Peter | |
| 245 | 0 | 0 |
_aWirtschaftliche Effekte einer EU-Osterweiterung auf den Raum Wien _bStudie im Auftrag der Magistratsabteilung 18 |
| 260 |
_aWien : _bWiener Institut für Internationale Wirtschaftsvergleiche (WIIW), _c1997. |
||
| 300 |
_a140 S. ; _c30cm. |
||
| 490 |
_aStadtplanung _v15 |
||
| 700 | 1 | _aGeldner, Norbert | |
| 700 | 1 | _aMayerhofer, Peter | |
| 942 | _cB | ||
| 999 |
_c3494 _d3494 |
||